000 00511nam a22001697a 4500
005 20251108164359.0
008 250721s1997 xx 000 0 ara d
082 1 4 _a307.2/عزا
100 1 _aعزام، إدريس
245 1 0 _aمهارات أساسية في تصميم و تنفيذ البحوث السوسيولوجية /
264 1 _aعمان :
_c1997.
300 _a340ص
650 1 7 _aالأبحاث الإجتماعية
650 1 7 _aعلم الإجتماع
942 _2ddc
_cBK
999 _c10763
_d10763